Gaming Quiz

Random Gaming or Video Games Quiz

Fire Emblem Three Houses Logic Puzzle Quiz Stats

 Plays Quiz not verified by Sporcle

Support Sporcle.
Go Orange.
Score 0/30 Timer 20:00
3 Plays Today
Position Character % Correct








A1

???
100%








D3

???
68.7%








A5

???
64.7%








F5

???
62.9%








F1

???
60.6%








F2

???
53.9%








F4

???
48.6%








A4

???
48.1%








E4

???
44.8%








E1

???
44%








B5

???
43.9%








C2

???
42.2%








E5

???
36.5%








E2

???
36.4%








D5

???
36.3%
Position Character % Correct








C4

???
35.3%








C5

???
34.9%








D2

???
32.1%








B1

???
25.6%








B4

???
24.4%








D4

???
24.3%








C3

???
22.7%








C1

???
18.9%








E3

???
18.9%








F3

???
18%








D1

???
16.6%








B2

???
16.4%








A3

???
15.8%








A2

???
12.5%








B3

???
11.4%

You're not logged in!

Compare scores with friends on all Sporcle quizzes.
OR
Log In

From the Vault

Top 12 Cities of New Zealand on a Map

by Number36

How many cities in the Land of the Long White Cloud can you name?
Remove Ads.
Support Sporcle.
Get the best of Sporcle when you Go Orange. This ad-free experience offers more features, more stats, and more fun while also helping to support Sporcle. Thank you for becoming a member.

Show Comments

Extras

Top Quizzes Today


Score Distribution

Your Account Isn't Verified!

In order to create a playlist on Sporcle, you need to verify the email address you used during registration. Go to your Sporcle Settings to finish the process.

Report this User

Report this user for behavior that violates our Community Guidelines.

Details: